La viuda Basquiat /

El presente libro reconstruye la trayectoria vital y creativa de Basquiat y Suzanne su esposa, a través del testimonio de esta última.

Guardado en:
Detalles Bibliográficos
Autor principal: Clement, Jennifer (autor)
Formato: Libro
Idioma:Inglés
Publicado: México : Plaza y Janés, 2000, c2000
Temas:
Etiquetas: Agrega una etiqueta
Sin etiquetas, Sé el primero en etiquetar este registro!

MARC

LEADER 00000nam^a2200000^a^4500
001 000146435
005 20250521000000.0
009 20260310095911.619
020 |a 968-1104-34-X 
037 |a Acervo ITESO - Biblioteca 
041 |a ING 
082 |a 759. 13  |b CLE 
100 |a Clement, Jennifer  |e (autor) 
245 1 3 |a La viuda Basquiat /  |c J. Clement ; tr. por Guillermo Sánchez Arreola. 
264 4 |a México :  |b Plaza y Janés,  |c 2000, c2000 
300 |a 200 p. 
336 |a texto  |b txt  |2 rdacontenido 
337 |a sin mediación  |b n  |2 rdamedio 
338 |a volumen  |b nc  |2 rdasoporte 
520 |a El presente libro reconstruye la trayectoria vital y creativa de Basquiat y Suzanne su esposa, a través del testimonio de esta última. 
545 0 |a Jean Michel Basquiat (1960-1988) es un afroamericano de Brooklyn, convertido en un referente central del arte desarrollado por los negros en EUA, pero también del arte en general de fines del siglo XX. Estéticamente comparte ciertas características con Julian Schnabel. La violencia, las drogas, la desesperación, el caos de la vida urbana, afloran en una obra fuertemente expresiva. 
649 |a XX 
650 |a Pintores Norteamericanos -  |x Biografías 
650 |a Artistas Norteamericanos -  |x Biografías 
650 |a Mujeres Norteamericanas -  |x Biografías 
650 |a Negros en EUA -  |x Biografías 
650 |a Pintura Norteamericana -  |y Siglo XX 
650 |a Pintura Norteamericana -  |x Historia y Crítica 
650 |a Arte Norteamericano -  |y Siglo XX 
650 |a Arte Norteamericano -  |x Historia y Crítica 
650 |a Basquiat, Jean Michel -  |x Tema Principal 
650 |a Basquiat, Suzanne -  |x Tema Principal 
910 |a Fondo General 
920 |a Impresos - Libros 
930 |a Colección General 
905 |a 101 
901 |a 0500075624  |b IT1  |c ACC  |u 20250521 
902 |a https://opac.biblio.iteso.mx/vufind/Record/000146435